| 000 | 00546nam a22001937a 4500 | ||
|---|---|---|---|
| 999 |
_c1821 _d1821 |
||
| 003 | AR-CdUCM | ||
| 008 | 190228b ||||| |||| 00| 0 spa d | ||
| 040 |
_aMUNICIPALIDAD PROVINCIAL DEL CUSCO _cBIBLIOTECA MUNICIPAL DEL CUSCO |
||
| 082 |
_a136 / _bR71 |
||
| 100 |
_aRoberts, Nesta _96682 |
||
| 245 | _aNuestro Propio Futuro / | ||
| 260 |
_aEspaña : _bEuramerica ; _c1971. |
||
| 300 |
_a263 páginas _c18cm |
||
| 505 | _aLiteratura | ||
| 650 |
_aNovela _9572 |
||
| 650 |
_aLiteratura _9416 |
||
| 942 |
_2ddc _cLIBROS |
||
| 945 |
_anom _d2019-02-28 |
||